STN EN 13432/AC: Obaly - Požiadavky na obaly zhodnotiteľné kompostovaním a biodegradáciou - Skúšobná schéma a kritériá hodnotenia na konečnú prijateľnosť obalov - Oprava AC slovenská technická norma
Salvato in:
| Natura: | Libro |
|---|---|
| Lingua: | slovacco inglese tedesco |
| Pubblicazione: |
Bratislava
Slovenský ústav technickej normalizácie
2006
|
| Soggetti: | |
| Tags: |
Nessun Tag, puoi essere il primo ad aggiungerne!!
|
MARC
| LEADER | 00000nam a2200000 4500 | ||
|---|---|---|---|
| 001 | 0209351 | ||
| 005 | 20240104135429.2 | ||
| 041 | 0 | |a slo | |
| 041 | 0 | |a eng | |
| 041 | 0 | |a ger | |
| 044 | |a SK | ||
| 245 | 1 | 0 | |a STN EN 13432/AC: Obaly - Požiadavky na obaly zhodnotiteľné kompostovaním a biodegradáciou - Skúšobná schéma a kritériá hodnotenia na konečnú prijateľnosť obalov - Oprava AC |b slovenská technická norma |
| 264 | 1 | |a Bratislava |b Slovenský ústav technickej normalizácie |c 2006 | |
| 300 | |a 4 s. | ||
| 500 | |a Oprava AC STN EN 13432: 2002 je slovenskou verziou EN 13432: 2000/AC: 2005 | ||
| 610 | 2 | 0 | |a normy |
| 610 | 2 | 0 | |a obaly |
| 610 | 2 | 0 | |a skúšky schopnosti |
| 610 | 2 | 0 | |a kritériá rozhodovania |
| 610 | 2 | 0 | |a Slovensko |